000 00285nam a22001217a 4500
008 180131b xxu||||| |||| 00| 0 eng d
041 _aeng
080 _a591
100 _a7
101 _aZOO
245 _aTHE SCIENCE OF ANIMALS THAT SERVE MAKING
_cCAMPBEL.L
942 _2udc
_cBK
999 _c41406
_d41406